Województwa z największą gęstością zaludnienia - nagła śmierć - Statystyki

Ogólne statystyki
  • Ten quiz został rozwiązany 25 razy
  • Średni wynik to 3 z 6
Answers on the Grid
Answers color-coded by a green-red scale on the quiz's grid according to % correct below.
dolnośląskie
kujawsko-pomorskie
lubelskie
lubuskie
łódzkie
małopolskie
mazowieckie
opolskie
podkarpackie
podlaskie
pomorskie
śląskie
świętokrzyskie
warmińsko-mazurskie
wielkopolskie
zachodniopomorskie
 
Statystyki odpowiedzi
Odpowiedź % Poprawnych
348 osób/km2 śląskie
77%
129 osoby/km2 łódzkie
62%
155 osób/km2 mazowieckie
54%
144 osób/km2 dolnośląskie
46%
226 osoby/km2 małopolskie
46%
121 osób/km2 pomorskie
15%
Nie znaleziono quizów pasujących do podanych kryteriów
Rozkład punktacji
Procent ludzi z każdym wynikiem
Percentyl według liczby udzielonych odpowiedzi
Twoja historia wyników
Nie rozwiązałeś tego quizu